000 00871 a2200217 4500
005 20251118113815.0
008 251118b |||||||| |||| 00| 0 eng d
020 _a8187654287 (pbk)
037 _cTB
040 _aCRL
_cCRL
041 _2pun
_apun
084 _aP:795 153Q4;R2
_qCRL
100 _aਕੌਰ, ਜਸਪਾਲ / Kaur, Jaspal
_9848511
245 _aਅਨੁਵਾਦ ਅਤੇ ਮੌਖਿਕ ਅਣਵਾਦ ਕਲਾ / Anuvaad ate Maukhik Anuvaad kala
260 _aDelhi, India:
_bManpreet Prakashan;
_c2022.
365 _b 580.00
_cINR
650 _2ਪੰਜਾਬੀ ਭਾਸ਼ਾ
650 _2ਅਨੁਵਾਦ ਕਲਾ
942 _cTB
_2CC
_n0
_hP:795 153Q4;R2
999 _c1464798
_d1464798